Normal view
MARC view
Entry Topical Term
001 - CONTROL NUMBER
- control field: 40637
003 - CONTROL NUMBER IDENTIFIER
- control field: ARRUPE
005 - DATE AND TIME OF LATEST TRANSACTION
- control field: 20180315095953.0
008 - FIXED-LENGTH DATA ELEMENTS
- fixed length control field: 180315|| aca||aabn | a|a d
040 ## - CATALOGING SOURCE
- Original cataloging agency: ARRUPE
- Transcribing agency: ARRUPE
150 ## - HEADING--TOPICAL TERM
- Topical term or geographic name as entry element: Reformation
- Geographic subdivision: England
- Geographic subdivision: sussex
670 ## - SOURCE DATA FOUND
- Source citation: Work cat.: (ARRUPE): Manning, Roger B. 40636, Religion and society in Elizabethan Sussex:, 1969